MARC

LEADER 00000nam0a2200000 4500
001 30312
005 20231030203851.0
010 |a 5020025941 
035 |a (RuTPU)RU\TPU\book\30582 
035 |a BOOK00030659 
090 |a 30312 
100 |a 20011209d2001 k y0rusy50 ca 
101 0 |a rus 
102 |a RU 
105 |a y z 000zd 
200 1 |a Исследования по истории физики и механики  |a 2000  |f Российская академия наук; Институт истории естествознания и техники им. С. С. Вавилова; Отв. ред. Г. М. Идлис 
210 |a Москва  |c Наука  |d 2001 
215 |a 252 с. 
600 1 |a Умов  |g Николай Алексеевич  |b Н. А.  |c российский физик-теоретик  |f 1846 - 1915  |2 stltpui  |3 (RuTPU)RU\TPU\pers\768 
600 1 |a Лебедев  |g Петр Николаевич  |b П. Н.  |c российский физик  |f 1866 - 1912  |2 stltpui  |3 (RuTPU)RU\TPU\pers\769 
600 1 |a Паули  |g Вольфганг  |b В.  |c швейцарский физик-теоретик  |f 1900 - 1958  |2 stltpui  |3 (RuTPU)RU\TPU\pers\1787 
600 1 |a Вульф  |g Георгий (Юрий) Викторович  |b Г. В.  |c кристаллограф  |c член-корреспондент РАН  |f 1863-1925  |2 stltpush  |3 (RuTPU)RU\TPU\pers\1790 
600 1 |a Воларович  |b М. П.  |g Михаил Павлович  |c российский физик  |f 1900-1987  |2 stltpush  |3 (RuTPU)RU\TPU\pers\12200 
600 1 |a Боргман  |b И. И.  |g Иван Иванович  |c российский физик  |f 1849-1914  |2 stltpush  |3 (RuTPU)RU\TPU\pers\12201 
610 1 |a физика 
610 1 |a механика 
610 1 |a история 
610 1 |a 19 век 
610 1 |a 20 век 
610 1 |a Россия 
610 1 |a МГУ 
610 1 |a Московский университет 
675 |a 53(09)  |v 3 
675 |a 531(09)  |v 3 
702 1 |a Идлис  |b Г. М.  |4 340 
712 0 2 |a Российская академия наук  |b Институт истории естествознания и техники им. С. И. Вавилова (ИИЕТ РАН)  |c (Москва)  |2 stltpush  |3 (RuTPU)RU\TPU\col\155 
801 0 |a RU  |b 63413507  |c 20011209  |g PSBO 
801 2 |a RU  |b 63413507  |c 20160516  |g PSBO 
942 |c BK